000 00642nam a2200229 a 4500
999 _c5273
_d5273
001 5273
003 BD-JhCC
005 20171211193752.0
008 171128s1938 -cna|||| ||a| 000 0 eng d
035 _a(BD-JhCC)5273
040 _aBD-JhCC
_dBD-JhCC
041 _aeng
082 _a380.6
_bRID 1938
100 _aRidgeway, George L.
245 _aMerchants of Peace : The History of the International Chamber of Commerce /
_cGeorge L. Ridgeway
260 _aBoston :
_bLittle, Brown and Company,
_c1938.
300 _a291 p. :
_c22 cm.
650 _aEconomic Policy
650 _aCommercial Policy
942 _2ddc
_cBK